书目信息 |
| 题名: |
童第周
|
|
| 作者: | 童第周, 著 ;煦峰 , 文菂 编 | |
| 分册: | ||
| 出版信息: | 北京 解放军出版社 2002.11 |
|
| 页数: | 226页, [4] 页图版 | |
| 开本: | 21cm | |
| 丛书名: | 中国院士笔谈录 | |
| 单 册: | ||
| 中图分类: | K826.15 , Q-53 | |
| 科图分类: | ||
| 主题词: | 生物学--sheng wu xue--文集 | |
| 电子资源: | ||
| ISBN: | 7-5065-4273-0 | |
| 000 | 01213nam 2200313 450 | |
| 001 | 012008766952 | |
| 005 | 20080313172822.78 | |
| 010 | @a7-5065-4273-0@dCNY18.60 | |
| 100 | @a20080313d2002 km y0chiy0120 ea | |
| 101 | 0 | @achi |
| 102 | @aCN@b110000 | |
| 105 | @aacf z 000yy | |
| 106 | @ar | |
| 200 | 1 | @a童第周@Atong di zhou@e追求生命真相@f童第周著@Ftong di zhou zhu@g煦峰, 文菂编@Gxu feng,wen di bian |
| 210 | @a北京@c解放军出版社@d2002.11 | |
| 215 | @a226页, [4] 页图版@c图, 肖像@d21cm | |
| 225 | 2 | @a中国院士笔谈录@Azhong guo yuan shi bi tan lu |
| 330 | @a本书收有“我和我哥哥们的求学”、“我和夫人的相识与奋斗”、“我当山东大学副校长”、“简谈生物学上的理论学说及其发展史”、“生物的发育是辨证的”、“谈谈生物的发展”、“学术自由争鸣是发展遗传学的希望”等文章。 | |
| 410 | 0 | @12001 @a中国院士笔谈录 |
| 517 | 1 | @a追求生命真相@Azhui qiu sheng ming zhen xiang |
| 600 | 0 | @a童第周,@Atong di zhou,@f1900-1996@x生平事迹 |
| 606 | 0 | @a生物学@Asheng wu xue@j文集 |
| 690 | @aK826.15@v4 | |
| 690 | @aQ-53@v4 | |
| 701 | 0 | @a童第周,@Atong di zhou,@f1902-1979@4著 |
| 702 | 0 | @a煦峰@Axu feng@4编 |
| 702 | 0 | @a文菂@Awen di@4编 |
| 801 | 0 | @aCN@bQSSK@c20080313 |
| 905 | @b20282663-65@dQ-53@eT844@f3 | |
| 童第周:追求生命真相/童第周著/煦峰, 文菂编.-北京:解放军出版社,2002.11 |
| 226页, [4] 页图版:图, 肖像;21cm.-(中国院士笔谈录) |
| ISBN 7-5065-4273-0:CNY18.60 |
| 本书收有“我和我哥哥们的求学”、“我和夫人的相识与奋斗”、“我当山东大学副校长”、“简谈生物学上的理论学说及其发展史”、“生物的发育是辨证的”、“谈谈生物的发展”、“学术自由争鸣是发展遗传学的希望”等文章。 |
| ● |
| 相关链接 |
|
|
|
正题名:童第周
索取号:Q-53/T844
 
预约/预借
| 序号 | 登录号 | 条形码 | 馆藏地/架位号 | 状态 | 备注 |
| 1 | 282663 | 202826638 | 自科库401/401自科库 24排4列5层/ [索取号:Q-53/T844] | 在馆 | |
| 2 | 282664 | 202826647 | 自科库401/401自科库 24排4列5层/ [索取号:Q-53/T844] | 在馆 | |
| 3 | 282665 | 202826656 | 自科库401/401自科库 24排4列5层/ [索取号:Q-53/T844] | 在馆 |